000 02643nam2a2200325 4500
001 RU\NLR\BIBL_A\012779059
005 20220707160551.0
010 _a978-5-6045949-2-6
_9300
021 _aRU
_bКН-П-22-005900
_9КН-П-22-0473
035 _a(NLR Aleph) 012779059
035 _a(RuMoRGB)010969342
090 _a13117234
_c13117234
100 _a20220504d2021 k y0rusy50 ca
101 0 _arus
_amul
102 _aRU
105 _aa z 000zy
200 0 _aТ. 2
210 _d2021
215 _a291 с.
_cил., цв. ил.
300 _aТекст рус., англ., араб., татар.
320 _aБиблиогр. в конце ст. и в подстроч. примеч.
327 1 _aВ сб. включены материалы конференции и круглого стола, проходивших в рамках форума, загл. которых указаны в тексте, и отображены в добавочных записях кол. авт.
461 0 _1001RU\NLR\BIBL_A\012779038
_12001#$aII Международный форму "Богословское наследие мусульман России"$eсборник научных докладов конференции, 25-30 октября 2020 года, г. Болгар$fБолгарская Исламская академия$vТ. 2
_913117177
_a"Богословское наследие мусульман России", международный форум (2 ; 2020 ; Болгар)
_cКазань
_d2021
_fБолгарская Исламская академия
_nМеДДоК
_oсборник научных докладов конференции, 25-30 октября 2020 года, г. Болгар
_tII Международный форум "Богословское наследие мусульман России"
_vТ. 2
711 1 2 _a"Формирование гражданской идентичности мусульманской молодежи в России и за рубежом", международная студенческая научно-практическая конференция
_d2
_eБолгар
_f2020
_9797359
_3RU\NLR\AUTH\880565187
711 1 2 _a"Теологическое образование как фактор формирования гражданской идентичности", круглый стол
_eБолгар
_f2020
_9797363
_3RU\NLR\AUTH\880565190
852 _aNLR
_bОНЛ
_jТатар./3-15464
942 _cBOOK
980 _aNB